00572nam a2200169Ia 4500003000500000008004100005020001800046040001900064082000700083100001900090245011400109246011500223260002800338300001000366365001400376546001200390STCL230729s9999 xx 000 0 und d a9781781571064 aSTCLcSTCLbEN 222 aMoore, Alannah 4aThe creative persons website builder: how to make a pro webiste yourself using wordpress and other easy tools aThe creative person's website builder: how to make a pro website yourself using wordpress and other easy tools bIlexaEast Sussexc2013 a176 p e14.99 EUR aEnglish